000 00315nam a2200133Ia 4500
008 240624s9999 xx 000 0 und d
041 _aeng
082 _a823 DIC
100 _aDICKENS CHARLES
245 _aHARD TIMES
260 _c2014
_aNew Delhi
_bMaple Press
300 _a360 : p. : cm. ; 23
365 _cRS
_b25
999 _c23681
_d23681